Văn học Việt Nam thế kỷ XX : Truyện ngắn 1945-1975. Q.2, T.5 /

Vũ Bằng; Ngô Ngọc Bội; Triệu Bôn; Nguyễn Văn Bổng; Xuân Cang; Nam Cao; Đỗ Chu.

Gardado en:
Detalles Bibliográficos
Outros autores: Phan Cự Đệ (chủ biên.), Bùi Việt Thắng (sưu tầm, tuyển chọn.), Hà Văn Đức (sưu tầm, tuyển chọn.), Lý Hoài Thu (sưu tầm, tuyển chọn.), Hồ Thu Giang (sưu tầm, tuyển chọn.), Nguyễn Thị Hương Giang (sưu tầm, tuyển chọn.)
Formato: Libro
Idioma:Vietnamese
Publicado: Hà Nội : Văn học, 2004.
Những chủ đề:
Các nhãn: Engadir etiqueta
Sen Etiquetas, Sexa o primeiro en etiquetar este rexistro!
Thư viện lưu trữ: Mạng thư viện Đại học Đà Nẵng
LEADER 01671cam a2200397 a 4500
001 000043757
003 1803
005 20061115155816.0
008 010217b2004 vm 000 vie
040 |a LRC  |c LRC  |d LRC 
041 0 |a vie 
082 1 4 |a 895.9233  |b Vă-H 
245 0 0 |a Văn học Việt Nam thế kỷ XX :  |b Truyện ngắn 1945-1975.  |n Q.2, T.5 /  |c Phan Cự Đệ (chủ biên) ; Sưu tầm, tuyển chọn Bùi Việt Thắng, Hà Văn Đức, Lý Hoài Thu, Hồ Thu Giang, Nguyễn Thị Hương Giang. 
260 |a Hà Nội :  |b Văn học,  |c 2004. 
300 |a 1007 tr. ;  |c 24 cm. 
520 3 |a Vũ Bằng; Ngô Ngọc Bội; Triệu Bôn; Nguyễn Văn Bổng; Xuân Cang; Nam Cao; Đỗ Chu. 
630 0 4 |a Văn học Việt. 
650 0 4 |a Truyện ngắn Việt,  |y 1945-1975. 
700 1 |a Phan Cự Đệ,  |e chủ biên. 
700 1 |a Bùi Việt Thắng,  |e sưu tầm, tuyển chọn. 
700 1 |a Hà Văn Đức,  |e sưu tầm, tuyển chọn. 
700 1 |a Lý Hoài Thu,  |e sưu tầm, tuyển chọn. 
700 1 |a Hồ Thu Giang,  |e sưu tầm, tuyển chọn. 
700 1 |a Nguyễn Thị Hương Giang,  |e sưu tầm, tuyển chọn. 
OWN |a DUT 
AVA |a UDN50  |b DUT  |c Book  |d 895.9233 Vă-H  |e available  |t Error 5001 Not defined in file expand_doc_bib_avail.  |f 3  |g 0  |h N  |i 0  |j SH  |k 1 
999 |a From the UDN01 
AVA |a UDN50  |b DUT  |c Book  |d 895.9233 Vă-H  |e available  |t Error 5001 Not defined in file expand_doc_bib_avail.  |f 3  |g 0  |h N  |i 0  |j SH  |k 1 
TYP |a Monograph 
TYP |a Printed language 
980 |a Mạng thư viện Đại học Đà Nẵng